Curso de direito constitucional / (Record no. 433)

MARC details
000 -LÍDER
Campo Fixo de Controle 00566nam a2200217 a 4500
001 - NÚMERO DE CONTROLE
Campo de Controle 433
003 - IDENTIFICAÇÃO DO NÚMERO DE CONTROLE
Campo de Controle BR-CuiBMT
005 - DATA E HORA DA ÚLTIMA ATUALIZAÇÃO
Campo de Controle 20231106203249.0
008 - DADOS FIXOS
Dados Fixos 231106s2018 mgb 000 0 por d
020 ## - INTERNATIONAL STANDARD BOOK NUMBER
Nº do ISBN 9788545004707
040 ## - AGÊNCIA CATALOGADORA
Código da Agência Catalogadora BR-CuiBMT
Agência que transcreveu o registro BR-CuiBMT
080 ## - Nº DA CLASSIFICAÇÃO DECIMAL UNIVERSAL
Nº edição CDU 2007
Nº Class. CDU 342
090 ## - NÚMERO DE CHAMADA
Nº classificação 342
Cutter A277c
100 1# - ENTRADA PRINCIPAL -- AUTOR PESSOAL
Nome pessoal Agra, Walber de Moura
245 10 - TÍTULO PRINCIPAL
Título principal Curso de direito constitucional /
Indicação de responsabilidade Walber de Moura Agra.
250 ## - EDIÇÃO
Edição 9. ed.
260 ## - PUBLICAÇÃO, DISTRIBUIÇÃO, ETC.
Local de publicação Belo Horizonte
Editora Fórum
Data 2018
300 ## - DESCRIÇÃO FÍSICA
N. páginas ou volumes 895 p. ;
Dimensões 24 cm
650 ## - ASSUNTO TÓPICO
Cabeçalho tópico ou nome geográfico Direito constitucional
942 ## - ELEMENTOS DE ENTRADA ADICIONAIS (KOHA)
Fonte de classificação ou esquema de arquivamento Classificação Decimal Universal
Tipo de item do Koha Livros
Holdings
Estado: removido Estado: perdido Fonte de classificação ou esquema de arquivamento Estado: danificado Indisponível para empréstimo Localização permanente Localização atual Data de aquisição Total Checkouts Número de Chamada completo Código de barras Date last seen Número do exemplar Preço efetivo a partir de Tipo de item (Koha)
    Classificação Decimal Universal     Biblioteca da Escola Superior de Contas do TCE/MT Biblioteca da Escola Superior de Contas do TCE/MT 08/08/2019   342 A277c 9. ed. BIBTCEMT23110167 06/11/2023 Ex. 1 06/11/2023 Livros
    Classificação Decimal Universal     Biblioteca da Escola Superior de Contas do TCE/MT Biblioteca da Escola Superior de Contas do TCE/MT 23/11/2023   342 A277c 9. ed. BIBTCEMT23110954 23/11/2023 Ex. 2 23/11/2023 Livros

Powered by Koha